000 00513nam a2200181Ia 4500
008 240925s9999 xx 000 0 und d
020 _a9780073401102
082 _a518 CHA
100 _aChapra, Steven C.
245 0 _aApplied Numerical Methods with MATLAB: for engineers and scientists
250 _a3rd
260 _aNew York:
_bMc Graw HIll
_c,2012.
300 _aviii,482p.
_bN.A
_fOriginal
500 _aIncludes Index
600 _aHumanities & Natural Science
650 _aMathematics
942 _cBK
999 _c11846
_d11846